000
00278nam a2200109Ia 4500
008
200302s9999 xx 000 0 und d
100
_a
Linda Lee and Mark Lamster
245
_a
Julie Snow Architects
260
_b
Princeton Architectural Press
260
_c
2005
300
_a
143 P.,
999
_c
5064
_d
5064